| Tag |
First Indicator |
Second Indicator |
Subfields |
| LEADER |
00000cam a2200000 a 4500 |
| 001 |
in00000092213 |
| 005 |
20150923132004.0 |
| 008 |
750131s1973 paua b 00110 eng d |
| 035 |
|
|
|a (OCoLC)01158087
|
| 035 |
|
|
|9 AAK7294AM
|
| 040 |
|
|
|a GSU
|c GSU
|d m.c.
|d TXA
|d UtOrBLW
|
| 049 |
|
|
|a TXAM
|v 1 [388815]
|v 2 [388816]
|
| 090 |
|
|
|a LC3965
|b M33
|
| 100 |
1 |
|
|a Mann, Lester.
|
| 245 |
1 |
4 |
|a The first review of special education /
|c Lester Mann, editor, David A. Sabatino, editor.
|
| 264 |
|
1 |
|a Philadelphia, Pa :
|b JSE Press,
|c 1973.
|
| 300 |
|
|
|a 2 volumes :
|b illustrations ;
|c 23 cm.
|
| 336 |
|
|
|a text
|b txt
|2 rdacontent
|
| 337 |
|
|
|a unmediated
|b n
|2 rdamedia
|
| 338 |
|
|
|a volume
|b nc
|2 rdacarrier
|
| 490 |
1 |
|
|a JSE Press series in special education
|
| 504 |
|
|
|a Includes bibliographies and indexes.
|
| 650 |
|
0 |
|a Special education.
|
| 700 |
1 |
|
|a Sabatino, David A.
|
| 830 |
|
0 |
|a JSE press series in special education.
|
| 999 |
|
|
|a MARS
|
| 999 |
f |
f |
|s 386ad878-1f2f-3845-b611-227488a86d39
|i 764ceba8-58dc-3ad4-a068-dc1142826096
|t 0
|
| 952 |
f |
f |
|p normal
|a Texas A&M University
|b College Station
|c Sterling C. Evans Library
|d Evans: Library Stacks
|t 0
|e LC3965 M33
|h Library of Congress classification
|i unmediated -- volume
|k v.2
|m A14805983373
|
| 952 |
f |
f |
|p normal
|a Texas A&M University
|b College Station
|c Sterling C. Evans Library
|d Evans: Library Stacks
|t 0
|e LC3965 M33
|h Library of Congress classification
|i unmediated -- volume
|k v.1
|m A14805983365
|
| 998 |
f |
f |
|a LC3965 M33
|s v.1-v.2
|t 0
|l Evans: Library Stacks
|